| 000 | 00631cam a22002291 4500 | ||
|---|---|---|---|
| 001 | he 68000335 | ||
| 003 | DLC | ||
| 005 | 20260227111453.0 | ||
| 008 | 840307s1967 is a j 000 0 heb | ||
| 010 | _ahe 68000335 | ||
| 035 | _a(OCoLC)19152483 | ||
| 040 |
_aDLC _cMH _dCU _dDLC |
||
| 042 | _apremarc | ||
| 050 | 0 | 0 |
_aBS558.H4 _bL3 |
| 100 | 1 |
_aLorens, Rut, _d1903- |
|
| 245 | 1 | 0 | _aMi-pi ha-ḥamor ṿa-ḥaveraṿ. |
| 260 |
_a[Tel Aviv] : _bʻAmudim, _c[1967] |
||
| 300 |
_a94 p. : _bill. ; _c25 cm. |
||
| 490 | 0 | _aSidrat Rut le-sipure Tanakh | |
| 650 | 0 |
_aBible stories, Hebrew _xOld Testament. |
|
| 752 |
_aIsrael _dTel Aviv |
||
| 999 |
_c32894 _d32894 |
||